000 00556nam a2200193Ia 4500
005 20250508165854.0
008 008 250505s9999 xx 000 0 eng d
037 _aDissertations
040 _aFEDL
_beng
_cFEDL
041 _aeng
_2eng
084 _a371.01, RAT/DI
_qFEDL
100 _aRatti Leena
_9780723
245 0 _aEvaluative study of STC in an MCD school
260 _c2017
300 _a227p.
546 _aM. Phil Dissertation (Delhi University); C D Included
942 _cDIS
_h371.01, RAT/DI
999 _c1397914
_d1397914